| 000 | 00375nam a2200145Ia 4500 | ||
|---|---|---|---|
| 008 | 240624s9999 xx 000 0 und d | ||
| 041 | _aeng | ||
| 082 | _a658.0072 SKE | ||
| 100 | _aSEKARAN UMA | ||
| 245 | _aRESEARCH METHODS FOR BUSINESS A SKILL BU | ||
| 250 | _a(4th ed.) | ||
| 260 |
_c2006 _aNew Delhi _bWiley India |
||
| 300 | _axiv, : 450 : p. : cm. ; 23 | ||
| 365 |
_c _b30 |
||
| 999 |
_c4752 _d4752 |
||